| 000 | 00386 a2200169 4500 | ||
|---|---|---|---|
| 001 | 184350 | ||
| 020 | _a85-322-4142-4 | ||
| 040 | _cMagnum | ||
| 100 | _aKarnal, Leandro | ||
| 240 | 1 | 0 |
_aQuando Anchieta chegou ao brasil _lpor |
| 245 | 1 | 0 | _aQuando Anchieta chegou ao brasil |
| 300 | _a30 | ||
| 362 | 0 | _a1998 | |
| 440 | 1 | _aFTD | |
| 697 | _aLITERATURA INFANTO-JUVENIL | ||
| 942 | _cBK | ||
| 999 |
_c184350 _d184350 |
||